000 005080000a22001690004500
003 MACL
005 20160209123225.0
008 160209b xxu||||| |||| 00| 0 eng d
040 _aMACL
_cMACL
041 _aHindi
082 _a100
100 _aविनोबा
_937424
245 _aविचानपोथी
260 _bसस्‍तासाहित्‍य मंडल प्रकाशन
_c1956
_aनई दिल्‍ली
650 _aPhilisophy
_937426
942 _cHIN
_k100
_2ddc
999 _c25130
_d25130